Sobre los dilemas éticos de la evaluación de programas sociales y su normatividad = On the ethical dilemmas of evaluating social programs and regulations /

Αποθηκεύτηκε σε:
Λεπτομέρειες βιβλιογραφικής εγγραφής
Κύριος συγγραφέας: Huffman Espinosa, Curtis
Μορφή: Κείμενο
Ετικέτες: Προσθήκη ετικέτας
Δεν υπάρχουν, Καταχωρήστε ετικέτα πρώτοι!

MARC

LEADER 00000 a a2200000 04500
001 47158
003
040
100 |a Huffman Espinosa, Curtis  
245 |a Sobre los dilemas éticos de la evaluación de programas sociales y su normatividad =   |b On the ethical dilemmas of evaluating social programs and regulations /  |c Curtis Huffman Espinosa  
773 |g número385, (2014), páginas 46-55  
999 |c 36506  |d 36506